Writing interactive compilers and interpreters
Guardado en:
| Autor principal: | |
|---|---|
| Formato: | Libro |
| Lenguaje: | inglés |
| Publicado: |
Chichester
Wiley
1979
|
| Etiquetas: |
Sin Etiquetas, Sea el primero en etiquetar este registro!
|
MARC
| LEADER | 00000nam a2200000 4500 | ||
|---|---|---|---|
| 001 | c140542 | ||
| 005 | 20041019155319.2 | ||
| 041 | 0 | |a eng | |
| 044 | |a GB | ||
| 245 | 1 | 0 | |a Writing interactive compilers and interpreters |c P.J. Brown |
| 264 | 1 | |a Chichester |b Wiley |c 1979 | |
| 300 | |a 265 s. | ||
| 100 | 1 | |a Brown, P.J. | |